| 000 | 00824nam a22002177a 4500 | ||
|---|---|---|---|
| 003 | UA-OsUOA | ||
| 001 | 36432 | ||
| 007 | ta | ||
| 008 | 20060126b un ||||| |||| 00| 0 ukr d | ||
| 100 | _aПлаксюк І. | ||
| 090 |
_a82 _bП11 |
||
| 942 | _cSA | ||
| 040 |
_aUA-OsUOA _bukr _cUA-OsUOA _dUA-OsUOA |
||
| 245 | _aПочуйте музику Верленового слова. Формування художніх напрямів і течій у літературі на межі ХІХ-ХХ ст. Символізм та імпресіонізм у поезії Поля Верлена | ||
| 300 | _aС.3-10 | ||
| 955 | _a0 | ||
| 041 | _aukr | ||
| 080 | _a82 | ||
| 773 | 0 |
_w36431 _tЗарубіжна література _dК. _d2006 _g2 |
|
| 650 | 7 |
_a82 Література. Літературознавство _2UDC |
|
| 999 |
_c322668 _d322668 |
||